| 000 | 00379nam a22001217a 4500 | ||
|---|---|---|---|
| 082 | _a200 THE | ||
| 100 |
_aSANA FATIMA _915688 |
||
| 245 | _aTH-SOF-1566-Independent Suspension System, Modeling and Analysis of Multi-axle Vehicle | ||
| 260 |
_aISLAMABAD _bNUST COLLEGE OF EME _c2018 |
||
| 650 | _a MS-MECH-80 MSTHESIS | ||
| 700 |
_aAdvisor DR. RAJA AMER AZIM _969437 |
||
| 942 | _cCF | ||
| 999 |
_c576716 _d576716 |
||